[Event "Hamburg-ch MB"]
[Site "Hamburg"]
[Date "2015.05.28"]
[Round "6"]
[White "Gehn, Roland"]
[Black "Von Elsner, Mathias"]
[Result "0-1"]
[WhiteElo "1883"]
[BlackElo "1744"]
[PlyCount "64"]
[EventDate "2015.05.23"]
[EventType "swiss"]
[EventRounds "9"]
[EventCountry "GER"]
[SourceTitle "EXT 2022"]
[Source "ChessBase"]
[SourceDate "2021.10.06"]
[SourceVersion "1"]
[SourceVersionDate "2021.10.06"]
[SourceQuality "1"]

1. e4 c6 2. d4 d5 3. Nc3 dxe4 4. Nxe4 Bf5 5. Ng3 Bg6 6. h4 h6 7. Nf3 Nf6 8. Ne5 Bh7 9. Bc4 e6 10. Qe2 Nd5 11. Qf3 Qf6 12. Qb3 b6 13. Qa4 Bd6 14. Nxc6 0-0 15. Nxb8 Rfxb8 16. Bxd5 exd5 17. 0-0 Qxh4 18. Qd7 Bxg3 19. fxg3 Qxd4+ 20. Kh2 Bxc2 21. Bf4 Rd8 22. Qc7 Be4 23. Rad1 Qxb2 24. Rd2 Qb5 25. Rdf2 Qd7 26. Qe5 Qe6 27. Qd4 Rac8 28. Be5 Rc4 29. Qa1 Qg6 30. a4 Rc2 31. Qa3 Rxf2 32. Rxf2 Qh5+ 0-1

[Event "Hamburg-ch MB"]
[Site "Hamburg"]
[Date "2014.06.13"]
[Round "7"]
[White "Stuhlmann, Alexander"]
[Black "Gehn, Roland"]
[Result "1-0"]
[WhiteElo "1839"]
[BlackElo "1904"]
[PlyCount "73"]
[EventDate "2014.06.07"]
[EventType "swiss"]
[EventRounds "9"]
[EventCountry "GER"]
[SourceTitle "CBM 161 Extra"]
[Source "ChessBase"]
[SourceDate "2014.08.29"]
[SourceVersion "1"]
[SourceVersionDate "2014.08.29"]
[SourceQuality "1"]

1. f4 d5 2. Nf3 Nf6 3. e3 c5 4. Bb5+ Bd7 5. Qe2 a6 6. Bxd7+ Qxd7 7. 0-0 e6 8. b3 Nc6 9. Bb2 Be7 10. d3 0-0 11. Ne5 Qc7 12. Nd2 Nd7 13. Nxd7 Qxd7 14. Qg4 f6 15. e4 Rad8 16. a3 b5 17. Rae1 d4 18. f5 e5 19. Rf3 g5 20. h4 Kh8 21. Rh3 Rg8 22. Nf3 gxh4 23. Qxh4 Rg7 24. g4 Rdg8 25. Kf2 Bd8 26. Reh1 Qf7 27. Bc1 Be7 28. g5 fxg5 29. Bxg5 Rf8 30. Qh6 Bf6 31. Bxf6 Qxf6 32. Qxf6 Rxf6 33. Rh6 Rxh6 34. Rxh6 Rc7 35. f6 c4 36. f7 Kg7 37. Rxh7+ 1-0

[Event "Hamburg-ch MB"]
[Site "Hamburg"]
[Date "2014.06.10"]
[Round "4"]
[White "Bildat, Juergen"]
[Black "Gehn, Roland"]
[Result "0-1"]
[WhiteElo "2044"]
[BlackElo "1904"]
[PlyCount "68"]
[EventDate "2014.06.07"]
[EventType "swiss"]
[EventRounds "9"]
[EventCountry "GER"]
[SourceTitle "CBM 161 Extra"]
[Source "ChessBase"]
[SourceDate "2014.08.29"]
[SourceVersion "1"]
[SourceVersionDate "2014.08.29"]
[SourceQuality "1"]

1. e4 c6 2. d4 d5 3. e5 Bf5 4. Nf3 e6 5. Be2 c5 6. Be3 Qb6 7. Nc3 c4 8. Rb1 Nc6 9. Nh4 Bg6 10. Nxg6 hxg6 11. Bxc4 dxc4 12. d5 Bc5 13. dxc6 Qxc6 14. Bxc5 Qxc5 15. Qe2 Rh5 16. f4 Rxh2 17. Rxh2 Qg1+ 18. Qf1 Qxh2 19. Ne4 0-0-0 20. Nd6+ Kb8 21. Rd1 Nh6 22. Rd4 Qh4+ 23. Kd2 Nf5 24. Qf3 Nxd6 25. exd6 e5 26. Rxc4 Rxd6+ 27. Kc3 Qe1+ 28. Kb3 Rb6+ 29. Ka3 Qa5+ 30. Ra4 Qc5+ 31. b4 Qxc2 32. fxe5 Rc6 33. b5 Rc3+ 34. Qxc3 Qxc3# 0-1

[Event "Hamburg-ch MB"]
[Site "Hamburg"]
[Date "2013.05.19"]
[Round "3"]
[White "Raedisch, Peter"]
[Black "Gehn, Roland"]
[Result "0-1"]
[WhiteElo "1705"]
[BlackElo "1946"]
[PlyCount "102"]
[EventDate "2013.05.18"]
[EventType "swiss"]
[EventRounds "9"]
[EventCountry "GER"]
[SourceTitle "EXT 2022"]
[Source "ChessBase"]
[SourceDate "2021.10.06"]
[SourceVersion "1"]
[SourceVersionDate "2021.10.06"]
[SourceQuality "1"]

1. e4 c6 2. d4 d5 3. e5 Bf5 4. Bd3 Bxd3 5. Qxd3 Qa5+ 6. c3 Qa6 7. Qh3 e6 8. f4 Ne7 9. Nf3 Nd7 10. Nbd2 Qd3 11. Ng5 Qxh3 12. Nxh3 h6 13. g4 0-0-0 14. Rf1 g6 15. Nb3 Kb8 16. Nf2 Rc8 17. Nd3 h5 18. g5 b6 19. a4 Nf5 20. a5 c5 21. axb6 axb6 22. dxc5 Nxc5 23. Nbxc5 Bxc5 24. Nxc5 Rxc5 25. Bd2 Kb7 26. Kf2 Ra8 27. Rxa8 Kxa8 28. Ra1+ Kb7 29. Ra4 Rc4 30. Ra2 Ne7 31. Ra3 Nc6 32. Be3 d4 33. Bd2 dxc3 34. bxc3 Ne7 35. Kf3 Nd5 36. Rb3 Ra4 37. Rb2 Kc6 38. Rc2 b5 39. Be3 Rc4 40. Bd2 b4 41. Ra2 bxc3 42. Bc1 Kb5 43. Ra7 Rc7 44. Rxc7 Nxc7 45. Ke2 Kc4 46. Be3 Nd5 47. Bc1 Nb4 48. Ba3 Na2 49. Kd1 Kd3 50. h4 c2+ 51. Ke1 c1Q+ 0-1

[Event "Hamburg-ch MB"]
[Site "Hamburg"]
[Date "2012.05.29"]
[Round "4"]
[White "Gehn, Roland"]
[Black "Becker Bertau, Friedrich"]
[Result "1-0"]
[WhiteElo "1935"]
[BlackElo "1963"]
[PlyCount "55"]
[EventDate "2012.05.26"]
[EventType "swiss"]
[EventRounds "9"]
[EventCountry "GER"]
[SourceTitle "CBM 148 Extra"]
[Source "ChessBase"]
[SourceDate "2012.06.22"]
[SourceVersion "1"]
[SourceVersionDate "2012.06.22"]
[SourceQuality "1"]

1. e4 c5 2. Nf3 d6 3. d4 cxd4 4. Nxd4 Nf6 5. Nc3 a6 6. a4 e5 7. Nb3 Be6 8. Bg5 Be7 9. Qd2 h6 10. Bh4 Nbd7 11. Be2 Rc8 12. Bg3 0-0 13. 0-0 Bxb3 14. cxb3 Nc5 15. Bc4 Ncxe4 16. Nxe4 Nxe4 17. Qd5 Nxg3 18. fxg3 Qb6+ 19. Kh1 Rc5 20. Qf3 Rxc4 21. bxc4 Bg5 22. Qd5 Be3 23. b4 Qxb4 24. Rf3 Bd4 25. Raf1 Qxa4 26. Rxf7 Rxf7 27. Rxf7 Qe8 28. Re7+ 1-0

[Event "Hamburg-ch MB"]
[Site "Hamburg"]
[Date "2010.05.27"]
[Round "6.5"]
[White "Gehn, Roland"]
[Black "Hasenbank, Dirk"]
[Result "1/2-1/2"]
[WhiteElo "1948"]
[BlackElo "2013"]
[PlyCount "27"]
[EventDate "2010.05.22"]
[EventType "swiss"]
[EventRounds "9"]
[EventCountry "GER"]
[SourceTitle "EXT 2011"]
[Source "ChessBase"]
[SourceDate "2010.11.26"]
[SourceVersion "1"]
[SourceVersionDate "2010.11.26"]
[SourceQuality "1"]

1. e4 d6 2. d4 Nf6 3. Nc3 g6 4. Nf3 Bg7 5. Be2 0-0 6. 0-0 Nbd7 7. Bg5 h6 8. Bf4 Nh5 9. Be3 e5 10. Qd2 Kh7 11. Rad1 c6 12. Ne1 Qe8 13. Bxh5 gxh5 14. f4 1/2-1/2